000 00785cam a22002412 4500
001 0000002039
005 20151217151837.0
008 070330s xx 000 0 eng d
020 _a0787901024 :
_cKES 500 (donation)
040 _aKABU
_cKABU
050 0 _aHD4904
_b.C43 1995
245 1 4 _aThe Changing nature of work /
_cAnn Howard, editor.
260 _aSan Francisco :
_bJossey-Bass Publishers,
_cc1995.
300 _axxviii, 590 p. ;
_c24 cm.
650 0 _aWork.
_@0000151245
650 0 _aIndustrial sociology.
_@0000151246
650 0 _aIndustrial relations.
_@0000148089
700 1 _aHoward, Ann.
_@0000151247
908 _a070330
950 _@1
999 _c5609
_d5609